Responses for Show #1786 - Monday, May 11, 1992

1992 College Championship semifinal game 1.

Contestants

[<< previous game]

Billy Baxter, a senior from the College of William & Mary

Amy Cheek, a sophomore from Samford University

Kyle Graham, a freshman from the University of North Carolina—Chapel Hill

[next game >>]

Jeopardy! Round responses

THE CONTINENTS
BUSINESS & INDUSTRY
NURSERY RHYMES
MAY DAY
FRENCH CUISINE
FAMILIAR PHRASES
    $100 5
South America

Billy
    $100 25
Snap, Crackle & Pop

Billy
    $100 10
kiss the girls

Amy
    $100 16
the Empire State Building

Amy
    $100 26
peach

Billy
    $100 15
his rocker

Amy
    $200 4
(Amy: What is Australia?)

Antarctica

KyleAmy
    $200 24
Suzanne Somers

Amy
    $200 9
(Amy: What is his dressing gown?)

his nightgown

AmyBilly
    $200 17
ice cream

Kyle
    $200 27
eggs

Billy
    $200 14
an eye

Amy
    $300 3
Africa

Kyle
    $300 23
(Billy: What are ovens?)

watches

KyleBilly
    $300 8
(Amy: Who is Mary?)

Little Bo Peep

AmyBilly
    $300 20
Elvis Presley

Billy
    $300 28
potatoes

Billy
    $300 13
feathered

Amy
    $400 2
Asia

Kyle
    $400 21
a microwave

Amy
    $400 6
bells

Billy
    $400 19
Dr. Livingstone

Kyle
    $400 29
veal

Triple Stumper
    $400 12
your blood

Amy
    $300 1
(Kyle: What is... Australia?)

North America

Kyle
    $500 22
Chase

Kyle
    $500 7
Drury Lane

Triple Stumper
    $500 18
stamps

Kyle
    $500 30
the duck

Triple Stumper
    $500 11
your belt

Billy

Scores at the first commercial break (after clue 15):

Kyle Amy Billy
$600 $400 $1,500

Scores at the end of the Jeopardy! Round:

Kyle Amy Billy
$2,500 $1,100 $2,200

Double Jeopardy! Round responses

THE HUMAN BODY
AMERICAN LITERATURE
NATIONAL PARKS
MUSEUMS
OPERA
SPELLING
    $200 12
capillaries

Amy
    $200 5
Moby-Dick

Billy
    $200 22
the Grand Canyon

Billy
    $200 24
the Smithsonian

Billy
    $200 30
(Kyle: What is, uh, oh, um...)

Joan of Arc

KyleAmy
    $200 20
(Kyle: What is a [*]?)
(Alex: You have to spell it.)

T-H-E-S-A-U-R-U-S

Kyle
    $400 13
hamstrings

Amy
    $400 4
Call of the Wild

Amy
    $400 21
Yellowstone

Amy
    $400 9
(Amy: What is the Metropolitan Museum of Modern Art?)

the Museum of Modern Art

KyleAmy
    $400 27
Carmen

Billy
    $400 23
R-H-E-T-O-R-I-C-A-L

Billy
    $600 14
(Kyle: What is the cerebellum?)

the cerebrum

KyleBilly
    $600 1
Life on the Mississippi

Triple Stumper
    $600 18
the Petrified Forest

Kyle
    $600 8
the Prado

Billy
    $600 26
Isolde

Kyle
    $600 25
(Kyle: What is [*]?)
...
(Alex: [After Kyle picks] You always get away from spelling.)
[Laughter]

T-A-L-L-A-H-A-S-S-E-E

Kyle
    $800 15
the ulna

Billy
    $800 2
a pearl

Amy
    $800 17
(Amy: What is New Mexico?)

South Dakota

KyleAmy
    $800 6
the British Museum

Billy
    $800 19
Madame Butterfly

Amy
    $800 28
Q-U-O-T-I-E-N-T

Billy
    $1000 16
the liver

Billy
    $1000 3
Babbitt

Billy
    $1000 11
Mammoth Cave

Amy
    $1000 7
(Billy: What is Riyadh?)

Cairo

AmyBilly
    $2,900 10
(Kyle: [Sighs and shakes head] Who is Puccini?)

Mozart

Kyle
    $1000 29
(Amy: What is M-I-L-H-O-U-S-E?)

M-I-L-H-O-U-S

KyleAmy

Scores at the end of the Double Jeopardy! Round:

Kyle Amy Billy
$3,000 $4,100 $8,200
(lock-tie game)

[wagering suggestions for these scores]

Final Jeopardy! Round responses

SECRETARIES OF STATE
KyleWho is Schultz?
$3,000
AmyWho is Kissinger?
$4,100
BillyWho is Henry Kissinger
$1
Henry Kissinger

Final scores:

Kyle Amy Billy
$0 $8,200 $8,201
3rd place: $5,000 2nd place: $5,000 Finalist

Game dynamics:

Coryat scores:

Kyle Amy Billy
$6,200 $4,100 $8,200
15 R,
4 W
(including 2 DDs)
17 R
(including 1 DD),
6 W
22 R,
2 W

Combined Coryat: $18,500

[game clues] [game scores] [suggest correction]

Game tape date: 1992-03-09
The J! Archive is created by fans, for fans. Scraping, republication, monetization, and malicious use prohibited; this site may use cookies and collect identifying information. See terms. The Jeopardy! game show and all elements thereof, including but not limited to copyright and trademark thereto, are the property of Jeopardy Productions, Inc. and are protected under law. This website is not affiliated with, sponsored by, or operated by Jeopardy Productions, Inc. Join the discussion at JBoard.tv.